De la democracia en América del Norte : tomo segundo /
Aunque en un inicio el abogado francés Alexis de Tocqueville (1805-1859) viajó a Estados Unidos de América con el fin de estudiar su sistema penitenciario, sus viajes por el país y sus observaciones al sistema político propiciaron a que a su regreso a Francia escribiera diversos ensayos sobre la esc...
I tiakina i:
| Kaituhi matua: | |
|---|---|
| Hōputu: | Pukapuka |
| Reo: | Pāniora |
| I whakaputaina: |
París, Francia :
Imprenta de A. Everat,
1837
|
| Ngā marau: | |
| Ngā Tūtohu: |
Kāore He Tūtohu, Me noho koe te mea tuatahi ki te tūtohu i tēnei pūkete!
|
MARC
| LEADER | 00000nam^a2200000^a^4500 | ||
|---|---|---|---|
| 001 | 000450858 | ||
| 005 | 20250526000000.0 | ||
| 009 | 20260310123758.827 | ||
| 037 | |a Acervo ITESO - Biblioteca | ||
| 041 | |a ESP | ||
| 091 | |a FHM. 11254 | ||
| 100 | |a Tocqueville, Alexis de |e (autor) | ||
| 240 | 1 | 4 | |a [La democracia en América] |
| 245 | 1 | 0 | |a De la democracia en América del Norte : |b tomo segundo / |c A. de Tocqueville ; tr. por Antonio Sánchez de Bustamante. |
| 264 | 1 | |a París, Francia : |b Imprenta de A. Everat, |c 1837 | |
| 300 | |a 518 p. ; |c 21.0 cm. | ||
| 336 | |a texto |b txt |2 rdacontenido | ||
| 337 | |a sin mediación |b n |2 rdamedio | ||
| 338 | |a volumen |b nc |2 rdasoporte | ||
| 500 | |a Traducción de: De la démocratie en Amérique | ||
| 520 | |a Aunque en un inicio el abogado francés Alexis de Tocqueville (1805-1859) viajó a Estados Unidos de América con el fin de estudiar su sistema penitenciario, sus viajes por el país y sus observaciones al sistema político propiciaron a que a su regreso a Francia escribiera diversos ensayos sobre la esclavitud de los negros y los dos volúmenes de La democracia en América (1835, 1840). Esta última es considerada una obra clásica de filosofía política, sustentada por la amplia evidencia empírica que presenta, en el que Tocqueville describe a Estados Unidos como un ejemplar modelo de democracia. Menciona que la libertad de los individuos, la igualdad de condiciones, la organización mediante asociaciones y el sistema de representación popular son las bases fundamentales de su Estado democrático. Hace además un análisis de los tribunales, el cuerpo legislativo, el poder ejecutivo, el sistema bipartidista, la Constitución federal, así como de las costumbres y el puritanismo como medios de mantenimiento del sistema. | ||
| 590 | |a Traducción de la 4a. edición en francés | ||
| 649 | |a XX | ||
| 650 | |a Burocracia - |z EUA - |x Condiciones Laborales | ||
| 650 | |a Mayorías Políticas - |z EUA | ||
| 650 | |a Sociedad Civil - |z EUA - |x Historia | ||
| 650 | |a Libertad de Información - |z EUA - |x Historia | ||
| 650 | |a Democracia - |z EUA - |x Tema Principal | ||
| 650 | |a Democracia - |x Teoría - |x Tema Principal | ||
| 650 | |a Centralización y Descentralización - |z EUA | ||
| 650 | |a Elecciones - |z EUA - |x Historia | ||
| 650 | |a Proceso Político - |z EUA - |x Historia | ||
| 650 | |a Racismo - |z EUA - |x Historia | ||
| 650 | |a Gobernabilidad - |z EUA | ||
| 650 | |a Libertad de Expresión - |z EUA | ||
| 650 | |a Política Exterior - |z EUA - |x Historia | ||
| 650 | |a Derecho Electoral - |z EUA - |x Historia | ||
| 650 | |a Derecho Constitucional - |z EUA - |x Historia | ||
| 650 | |a Filosofía Política - |z EUA | ||
| 650 | |a Filosofía Política | ||
| 650 | |a Política - |z EUA | ||
| 650 | |a Política - |x Teoría | ||
| 650 | |a Política y Religión - |z EUA - |x Historia | ||
| 650 | |a EUA - |x Condiciones Políticas | ||
| 910 | |a Fondo Hugo B. Margáin | ||
| 920 | |a Impresos - Libros | ||
| 930 | |a Libros Antiguos y Raros | ||
| 905 | |a 126 | ||
| 901 | |a 0500355108 |b IT2 |c LRA |i D |u 20250526 | ||
| 902 | |a https://opac.biblio.iteso.mx/vufind/Record/000450858 | ||